000 00711nam a2200241 a 4500
005 20231021063633.0
008 090831s2000 es r 000 0 spa d
020 _a9701508092
035 _aUPN01000172155
040 _aUPN
_bspa
_cUPN
049 _aCG
050 4 _aLB1049
_bF7.2a
100 1 _aFry, Ronald W.,
_d1949-
_931847
245 1 0 _aAprueba tus exámenes sin esfuerzo /
_cRon Fry ; tr. Pablo Calero Clavero.
260 _aLeón, Esp. :
_bEverest,
_c[2000].
300 _a167 p.
440 0 _aManuales de bolsillo Everest
534 _pTítulo original:
_tACE any test
650 4 _aMétodos de estudio
_94280
650 2 _aHábitos de estudio
_97045
905 _aLibro
942 _2lcc
_cLIBRO
999 _c144259
_d144259